[Event "POL-chT 2nd League"]
[Site "Sypniewo"]
[Date "2021.09.06"]
[Round "3.14"]
[White "Lewandowski, Wiktor"]
[Black "Przybylski, Bartosz1111"]
[Result "1/2-1/2"]
[WhiteElo "1812"]
[BlackElo "1667"]
[PlyCount "52"]
[EventDate "2021.09.04"]
[EventType "team-swiss"]
[EventRounds "9"]
[EventCountry "POL"]
[SourceTitle "CBM 204 Extra"]
[Source "ChessBase"]
[SourceDate "2021.11.30"]
[SourceVersion "1"]
[SourceVersionDate "2021.11.30"]
[SourceQuality "1"]
[WhiteTeam "Legnica Miedz II"]
[BlackTeam "Bydgoszcz Wiartrak"]
[WhiteTeamCountry "POL"]
[BlackTeamCountry "POL"]

1. e4 c5 2. Nf3 e6 3. d4 cxd4 4. Nxd4 Nf6 5. Nc3 Bb4 6. e5 Nd5 7. Ndb5 a6 8. Nd6+ Bxd6 9. exd6 Nxc3 10. bxc3 Qa5 11. Bb2 b5 12. Be2 Bb7 13. 0-0 0-0 14. c4 bxc4 15. Bxc4 Qg5 16. f3 Nc6 17. Bd3 Nb4 18. Kh1 Nxd3 19. Qxd3 Bc6 20. c4 Rab8 21. Bd4 Rfe8 22. Rab1 Rxb1 23. Rxb1 e5 24. Be3 Qg6 25. Qxg6 hxg6 26. Rb6 Ra8 1/2-1/2

[Event "POL-chT3 Dolnoslaskie 1718"]
[Site "Poland"]
[Date "2018.03.04"]
[Round "9.12"]
[White "Pietraszko, Jakub"]
[Black "Lewandowski, Wiktor"]
[Result "1/2-1/2"]
[WhiteElo "1739"]
[BlackElo "1490"]
[PlyCount "56"]
[EventDate "2017.10.08"]
[EventType "team-tourn"]
[EventRounds "11"]
[EventCountry "POL"]
[SourceTitle "EXT 2019"]
[Source "ChessBase"]
[SourceDate "2018.10.10"]
[SourceVersion "1"]
[SourceVersionDate "2018.10.10"]
[SourceQuality "1"]

1. d4 d5 2. Nc3 Bf5 3. f3 Nf6 4. Bg5 c6 5. Bxf6 exf6 6. e4 Be6 7. exd5 Bxd5 8. Nxd5 Qxd5 9. c3 Bd6 10. Qb3 Qxb3 11. axb3 0-0 12. b4 Nd7 13. Bd3 Nb6 14. Kf2 a6 15. Ne2 Nd5 16. g3 Rfe8 17. Be4 Nc7 18. Nc1 g6 19. g4 Ne6 20. h4 Kg7 21. Nb3 Re7 22. Na5 Rc8 23. Nxb7 Rxb7 24. Rxa6 Nxd4 25. Rd1 Bxb4 26. cxd4 Bd6 27. Rd2 Bf4 28. Rc2 Rcb8 1/2-1/2

[Event "POL-chT U19 2nd League"]
[Site "Iwonicz"]
[Date "2016.07.31"]
[Round "6.28"]
[White "Redzisz, Michal"]
[Black "Lewandowski, Wiktor"]
[Result "1-0"]
[WhiteElo "1756"]
[BlackElo "1406"]
[PlyCount "137"]
[EventDate "2016.07.23"]
[EventType "team-swiss"]
[EventRounds "11"]
[EventCountry "POL"]
[SourceTitle "EXT 2019"]
[Source "ChessBase"]
[SourceDate "2018.10.10"]
[SourceVersion "1"]
[SourceVersionDate "2018.10.10"]
[SourceQuality "1"]
[WhiteTeam "Chylice KS Laura U19 II"]
[BlackTeam "Legnica Miedz U19"]
[WhiteTeamCountry "POL"]
[BlackTeamCountry "POL"]

1. e4 c5 2. Nf3 Nc6 3. Bb5 e6 4. 0-0 Nf6 5. e5 Nd5 6. d3 Qc7 7. c4 Nde7 8. Re1 a6 9. Bxc6 Nxc6 10. Bf4 Be7 11. Nc3 0-0 12. Ne4 Qb6 13. Qd2 f5 14. Ng3 Nd4 15. Nxd4 cxd4 16. a3 a5 17. Rac1 Qd8 18. Qc2 b6 19. Ne2 Bc5 20. Rb1 a4 21. Bg3 Bb7 22. f3 Qg5 23. Qc1 Qe3+ 24. Qxe3 dxe3 25. Bf4 Ba6 26. Nc3 Bd4 27. Bxe3 Bxe5 28. Bxb6 Bf4 29. Be3 Bc7 30. Nxa4 Bxc4 31. dxc4 Rxa4 32. b3 Raa8 33. Bc5 d6 34. Bb4 e5 35. Red1 Bb6+ 36. Kf1 Bd4 37. Bxd6 Rfd8 38. Bb4 Rdb8 39. Ke2 Kf7 40. Kd3 f4 41. Ke4 Ke6 42. Rdc1 Kd7 43. Rd1 Kc6 44. Kd3 g6 45. Kc2 Rb7 46. Rd3 Rd7 47. a4 Rb7 48. Bc3 Bxc3 49. Rxc3 Kc5 50. Rd3 Re8 51. Kc3 e4 52. fxe4 Rxe4 53. Rbd1 Rb8 54. b4+ Kb6 55. a5+ Ka7 56. Rd7+ Ka8 57. b5 Rc8 58. R1d4 Re3+ 59. Kb4 f3 60. gxf3 Rxf3 61. Rxh7 Rf1 62. b6 Rb1+ 63. Ka4 g5 64. c5 Kb8 65. Rb4 Ra1+ 66. Kb5 Rc1 67. Rc4 Rb1+ 68. Ka6 g4 69. c6 1-0

[Event "POL-chT U19 2nd League"]
[Site "Iwonicz"]
[Date "2015.08.01"]
[Round "10.28"]
[White "Guzik, Tomasz"]
[Black "Lewandowski, Wiktor"]
[Result "1-0"]
[WhiteElo "1240"]
[BlackElo "1356"]
[PlyCount "79"]
[EventDate "2015.07.25"]
[EventType "team-swiss"]
[EventRounds "11"]
[EventCountry "POL"]
[SourceTitle "EXT 2019"]
[Source "ChessBase"]
[SourceDate "2018.10.10"]
[SourceVersion "1"]
[SourceVersionDate "2018.10.10"]
[SourceQuality "1"]
[WhiteTeam "Jaworzno JKSz MCKiS U19"]
[BlackTeam "Legnica Miedz U19"]
[WhiteTeamCountry "POL"]
[BlackTeamCountry "POL"]

1. e4 c5 2. c4 Nc6 3. Nc3 e5 4. d3 d6 5. Nge2 h5 6. g3 Nd4 7. Nxd4 cxd4 8. Nd5 Bg4 9. Qa4+ Bd7 10. Qb3 Bc6 11. Bh3 Nf6 12. Bg5 Be7 13. f4 0-0 14. Rf1 Bxd5 15. cxd5 Ng4 16. Bxe7 Qxe7 17. Bxg4 hxg4 18. fxe5 dxe5 19. Qd1 Rac8 20. a3 Qg5 21. Qd2 Qg6 22. Rc1 f6 23. Rxc8 Rxc8 24. Rf2 b6 25. Kd1 Rc5 26. Qb4 Qh6 27. Rc2 Rxc2 28. Kxc2 Qxh2+ 29. Kb1 Qh5 30. Qe7 Qf7 31. Qd8+ Qf8 32. Qc7 Qc5 33. d6 Kf8 34. Qd8+ Kf7 35. Qd7+ Kf8 36. Qe7+ Kg8 37. Qe8+ Kh7 38. d7 Qa5 39. Qh5+ Kg8 40. d8Q# 1-0

[Event "POL-chT U19 2nd League"]
[Site "Szczyrk"]
[Date "2014.07.31"]
[Round "9.27"]
[White "Lewandowski, Wiktor"]
[Black "Leskiewicz, Ignacy"]
[Result "0-1"]
[WhiteElo "1357"]
[BlackElo "1683"]
[PlyCount "118"]
[EventDate "2014.07.25"]
[EventType "team-swiss"]
[EventRounds "11"]
[EventCountry "POL"]
[SourceTitle "EXT 2015"]
[Source "ChessBase"]
[SourceDate "2014.11.20"]
[SourceVersion "1"]
[SourceVersionDate "2014.11.20"]
[SourceQuality "1"]
[WhiteTeam "Legnica Miedz U19"]
[BlackTeam "Konin UKS Smecz U19"]
[WhiteTeamCountry "POL"]
[BlackTeamCountry "POL"]

1. e4 c5 2. Nf3 d6 3. d4 cxd4 4. Nxd4 Nf6 5. Nc3 a6 6. h3 b5 7. g4 Bb7 8. Bg2 b4 9. Nd5 e6 10. Nxf6+ gxf6 11. Be3 d5 12. Qd3 Nd7 13. exd5 Nc5 14. Qc4 Rc8 15. Nc6 Qd6 16. 0-0-0 e5 17. Rhe1 h5 18. gxh5 Bh6 19. Bxh6 Rxh6 20. Qg4 Rh8 21. Qg7 Rf8 22. h6 Kd7 23. h7 Kc7 24. h8Q Rxh8 25. Qxf7+ Kb6 26. Nxb4 Rcf8 27. Qg6 Rhg8 28. Qh6 Rxg2 29. Qe3 Kc7 30. Qc3 Kd7 31. Qf3 Rfg8 32. Nc6 R8g7 33. h4 R2g4 34. Rh1 Rf4 35. Qe3 e4 36. h5 Rf3 37. Qd4 Kc7 38. h6 Rh7 39. Nb4 a5 40. Nc6 Bxc6 41. dxc6 Qxd4 42. Rxd4 Rxf2 43. Rdd1 Rg2 44. Rh5 Rg5 45. Rh4 Rg6 46. Rh5 Kxc6 47. Rdh1 Rg5 48. R5h3 f5 49. Kd2 f4 50. Ke2 Rg2+ 51. Kd1 f3 52. Rf1 Rd7+ 53. Kc1 Rdd2 54. c3 Rc2+ 55. Kb1 Rxb2+ 56. Ka1 Rxa2+ 57. Kb1 Rgb2+ 58. Kc1 Nd3+ 59. Kd1 Ra1# 0-1

[Event "POL-chT U19 2nd League"]
[Site "Szczyrk"]
[Date "2014.07.30"]
[Round "8.15"]
[White "Golenia, Wojciech"]
[Black "Lewandowski, Wiktor"]
[Result "1-0"]
[WhiteElo "1700"]
[BlackElo "1357"]
[PlyCount "147"]
[EventDate "2014.07.25"]
[EventType "team-swiss"]
[EventRounds "11"]
[EventCountry "POL"]
[SourceTitle "EXT 2015"]
[Source "ChessBase"]
[SourceDate "2014.11.20"]
[SourceVersion "1"]
[SourceVersionDate "2014.11.20"]
[SourceQuality "1"]
[WhiteTeam "Wieliczka MKS MOS U19"]
[BlackTeam "Legnica Miedz U19"]
[WhiteTeamCountry "POL"]
[BlackTeamCountry "POL"]

1. e4 c5 2. Nf3 a6 3. c3 e6 4. d4 d5 5. exd5 exd5 6. Be2 Bd6 7. 0-0 Ne7 8. Nbd2 0-0 9. dxc5 Bxc5 10. Nb3 Bb6 11. Bf4 Nbc6 12. Re1 Bf5 13. Qd2 Qd7 14. Rad1 Rfd8 15. Nh4 Be6 16. Bd3 Rac8 17. Qc2 g6 18. Qd2 Re8 19. Bh6 Kh8 20. Bg5 Ng8 21. Nf3 Qc7 22. Bf4 Qd7 23. Be3 Bxe3 24. Rxe3 Qd6 25. Rde1 Rf8 26. Ng5 Bd7 27. Rd1 Nce7 28. Nd4 Kg7 29. Be2 h6 30. Ngf3 Nf6 31. Bd3 b5 32. Rde1 Nfg8 33. Ne5 Rcd8 34. a3 Rc8 35. Nxd7 Qxd7 36. Qe2 Qd6 37. Rxe7 Nxe7 38. Qxe7 Qxe7 39. Rxe7 Rfe8 40. Rxe8 Rxe8 41. Kf1 Kf6 42. Nc6 Ke6 43. Nb4 Ra8 44. Be2 a5 45. Nxd5 Rb8 46. Nc7+ Kd7 47. Nxb5 f5 48. b4 axb4 49. cxb4 Kc6 50. Ke1 g5 51. Nd4+ Kd5 52. Nxf5 Rh8 53. Kd2 Kc6 54. Kc3 Kb6 55. Nd6 Rd8 56. Nc4+ Ka7 57. a4 Rc8 58. b5 Rb8 59. Kb4 Re8 60. Ne3 Kb6 61. a5+ Ka7 62. b6+ Kb8 63. a6 Re4+ 64. Ka5 Re5+ 65. Bb5 h5 66. Nc4 Rf5 67. a7+ Ka8 68. Ka6 Rf6 69. Ne5 g4 70. Nc6 Rf7 71. Nd8 Rf6 72. Bc6+ Rxc6 73. Nxc6 g3 74. b7# 1-0